| 000 | 00978nam a2200325 4500 | ||
|---|---|---|---|
| 001 | 19029 | ||
| 003 | BD-RjUL | ||
| 005 | 20211209000355.0 | ||
| 008 | 140223s1959 enk b 001 d eng | ||
| 035 | _a(BD-RjUL)19087 | ||
| 035 | _a(OCoLC)ocm02616794 | ||
| 035 | _a(CStRLIN)NYCG84-B80762 | ||
| 035 | _a(BD-RjUL) | ||
| 035 | _a(NNC)275738 | ||
| 040 |
_dNNC _dBD-RjUL _aOCoLC _beng _cOCoLC |
||
| 041 | _aeng | ||
| 082 |
_a822.33 _bSHK 1959 |
||
| 090 |
_aPR2812 _b.A1 1968 |
||
| 100 | 1 |
_aShakespeare, William, _d1564-1616. _958626 |
|
| 245 | 1 | 0 |
_aKing Henry V / _cedited by A. W. Verity |
| 260 |
_aCambridge : _bCambridge U.P., _c1959. |
||
| 300 |
_axxxvi, 256 p. ; _c21 cm. |
||
| 490 | 1 | _aThe Works of Shakespeare edited for the syndics of the Cambridge University Press | |
| 490 | 1 | _aThe New Shakespeare. | |
| 504 | _aIncludes index. | ||
| 600 | 0 | 0 |
_aHenry _cKing of England, _d1387-1422 _958628 |
| 942 |
_2ddc _cBK |
||
| 999 |
_c19029 _d19029 |
||